Club Vincitori Golden Boy - Statistics

Statistiche generali
  • Questo quiz è stato fatto 8 volte
  • Il punteggio medio è 16 su 18
Statistiche sulle risposte
Nazione Numero edizioni Edizioni vinte Squadra % Corretto
Paesi Bassi 2 2003; 2018 Ajax
100%
Spagna 2 2007; 2019 Atletico Madrid
100%
Spagna 4 2005; 2021; 2022; 2024 Barcellona
100%
Germania 1 2016 Bayern Monaco
100%
Portogallo 2 2016; 2019 Benfica
100%
Germania 3 2011, 2020; 2023 Borussia Dortmund
100%
Italia 1 2010 Inter
100%
Italia 1 2013 Juventus
100%
Inghilterra 1 2014 Liverpool
100%
Inghilterra 3 2004; 2008, 2015 Manchester United
100%
Italia 1 2009 Milan
100%
Francia 1 2017 Paris Saint-Germain
100%
Spagna 1 2023 Real Madrid
100%
Inghilterra 1 2006 Arsenal
88%
Francia 2 2015; 2017 Monaco
88%
Inghilterra 1 2010 Manchester City
75%
Inghilterra 1 2004 Everton
38%
Spagna 1 2012 Malaga
25%
Nessun quiz corrispondente trovato
Distribuzione punteggi
Percentuale di utenti per punteggio
Percentile per numero di risposta
I tuoi punteggi nel tempo
Non hai fatto questo quiz